<?xml version="1.0" encoding="UTF-8"?>
<collection xmlns:xsi="http://www.w3.org/2001/XMLSchema-instance" xsi:schemaLocation="http://www.loc.gov/MARC21/slim http://www.loc.gov/standards/marcxml/schema/MARC21slim.xsd" xmlns="http://www.loc.gov/MARC21/slim">
 <record>
  <leader>00000nam a2200000 a 4500</leader>
  <controlfield tag="001">000063243</controlfield>
  <controlfield tag="003">SVKK</controlfield>
  <controlfield tag="005">19991014000000.0</controlfield>
  <controlfield tag="008">990921s1928    cs     e            engo </controlfield>
  <datafield tag="020" ind1=" " ind2=" ">
   <subfield code="a">(brož.)</subfield>
  </datafield>
  <datafield tag="040" ind1=" " ind2=" ">
   <subfield code="a">SVKKK</subfield>
   <subfield code="b">slo</subfield>
   <subfield code="c">SVKKK</subfield>
   <subfield code="e">AACR2</subfield>
  </datafield>
  <datafield tag="041" ind1="0" ind2=" ">
   <subfield code="a">eng</subfield>
  </datafield>
  <datafield tag="044" ind1=" " ind2=" ">
   <subfield code="a">cs</subfield>
   <subfield code="c">CS</subfield>
  </datafield>
  <datafield tag="080" ind1=" " ind2=" ">
   <subfield code="a">13</subfield>
   <subfield code="2">1997</subfield>
  </datafield>
  <datafield tag="100" ind1="1" ind2=" ">
   <subfield code="a">Roerich, Nicholas</subfield>
   <subfield code="4">aut</subfield>
  </datafield>
  <datafield tag="245" ind1="1" ind2="0">
   <subfield code="a">Shambhala. :</subfield>
   <subfield code="b">The resplendent. /</subfield>
   <subfield code="c">Nicholas Roerich</subfield>
  </datafield>
  <datafield tag="250" ind1=" " ind2=" ">
   <subfield code="a">1. vyd.</subfield>
  </datafield>
  <datafield tag="260" ind1=" " ind2=" ">
   <subfield code="a">B.m. :</subfield>
   <subfield code="b">B.n.,</subfield>
   <subfield code="c">1928</subfield>
  </datafield>
  <datafield tag="300" ind1=" " ind2=" ">
   <subfield code="a">33 s.</subfield>
  </datafield>
  <datafield tag="653" ind1="0" ind2=" ">
   <subfield code="a">náuky duchovné</subfield>
   <subfield code="2">SVKKKPH</subfield>
  </datafield>
  <datafield tag="653" ind1="0" ind2=" ">
   <subfield code="a">Shambala</subfield>
   <subfield code="2">SVKKKPH</subfield>
  </datafield>
  <datafield tag="655" ind1=" " ind2="7">
   <subfield code="a">monografie</subfield>
   <subfield code="2">SVKKKPH</subfield>
  </datafield>
  <datafield tag="910" ind1=" " ind2=" ">
   <subfield code="a">svkkk</subfield>
  </datafield>
  <datafield tag="974" ind1=" " ind2=" ">
   <subfield code="a">MI</subfield>
   <subfield code="d">19991014</subfield>
  </datafield>
  <datafield tag="974" ind1=" " ind2=" ">
   <subfield code="a">KL</subfield>
   <subfield code="d">19991014</subfield>
  </datafield>
  <datafield tag="974" ind1=" " ind2=" ">
   <subfield code="a">MI</subfield>
   <subfield code="d">19991014</subfield>
  </datafield>
  <datafield tag="998" ind1=" " ind2=" ">
   <subfield code="a">BK</subfield>
  </datafield>
  <datafield tag="090" ind1=" " ind2=" ">
   <subfield code="g">SCKHL</subfield>
   <subfield code="k">Sklad Pribinova 2. posch.</subfield>
   <subfield code="a">III.184342</subfield>
   <subfield code="j">927688</subfield>
   <subfield code="i">2720435703</subfield>
   <subfield code="s">Prezenčne</subfield>
  </datafield>
 </record>
</collection>
